[Event "BL 2324 SK Kirchweyhe - USV TU Dresden"]
[Site "?"]
[Date "2023.10.21"]
[Round "1.1"]
[White "Nisipeanu, Liviu-Dieter"]
[Black "Kadric, Denis"]
[Result "1/2-1/2"]
[WhiteElo "2600"]
[BlackElo "2579"]
[PlyCount "56"]
[EventDate "2023.??.??"]

1. e4 e5 2. Nf3 Nf6 3. Nxe5 d6 4. Nf3 Nxe4 5. d4 d5 6. Bd3 Be7 7. O-O Nc6 8. Nbd2 Nd6 9. c3 Bf5 10. Bc2 O-O 11. Bb3 Be6 12. Re1 Nb8 13. Nf1 Re8 14. Ng3 c6 15. Bc2 Nd7 16. h3 Nf8 17. Re2 f6 18. Nh4 Qd7 19. Qd3 Bd8 20. b3 Bc7 21. Ba3 g6 22. Rae1 Qf7 23. Nf3 Bd7 24. Bc1 Rxe2 25. Rxe2 Re8 26. Qd1 Re6 27. a4 a5 28. Ne1 Rxe2 1/2-1/2

[Event "BL 2324 SK Kirchweyhe - USV TU Dresden"]
[Site "?"]
[Date "2023.10.21"]
[Round "1.2"]
[White "Brkic, Ante"]
[Black "Bartel, Mateusz"]
[Result "1/2-1/2"]
[WhiteElo "2606"]
[BlackElo "2651"]
[PlyCount "93"]
[EventDate "2023.??.??"]

1. e4 e6 2. d4 d5 3. Nc3 Nf6 4. e5 Nfd7 5. f4 c5 6. Nf3 Be7 7. Be3 Nc6 8. a3 O-O 9. dxc5 Nxc5 10. Be2 b6 11. Nd4 Nxd4 12. Bxd4 f5 13. exf6 Bxf6 14. O-O Bb7 15. Qd2 Bxd4+ 16. Qxd4 Qf6 17. Rad1 Rad8 18. Qxf6 Rxf6 19. b4 Nd7 20. Bd3 e5 21. Bb5 d4 22. Ne2 Bc6 23. Bxc6 Rxc6 24. fxe5 Nxe5 25. Rxd4 Rxd4 26. Nxd4 Rc3 27. Re1 Nc6 28. Nxc6 Rxc6 29. Re8+ Kf7 30. Ra8 a5 31. Ra7+ Kg8 32. Ra6 axb4 33. axb4 Rxc2 34. Rxb6 Rb2 35. Rb7 h5 36. h4 Kh7 37. Rb5 Kg8 38. Kh2 Rb3 39. Kg1 Rb2 40. Kf1 Kf7 41. Rb6 Ke7 42. Kg1 Kf7 43. Kh2 Rb3 44. Rb5 Kf6 45. Rxh5 Rxb4 46. Kh3 Kg6 47. Ra5 1/2-1/2

[Event "BL 2324 SK Kirchweyhe - USV TU Dresden"]
[Site "?"]
[Date "2023.10.21"]
[Round "1.4"]
[White "Stevic, Hrvoje"]
[Black "Vogel, Roven"]
[Result "1/2-1/2"]
[WhiteElo "2549"]
[BlackElo "2471"]
[PlyCount "98"]
[EventDate "2023.??.??"]

1. e4 c5 2. c3 d5 3. exd5 Nf6 4. Bb5+ Nbd7 5. d4 a6 6. Be2 Nxd5 7. Nf3 e6 8. c4 N5f6 9. O-O Bd6 10. dxc5 Bxc5 11. a3 b6 12. b4 Be7 13. Bf4 Bb7 14. h3 Ne4 15. Bd3 a5 16. Re1 Nef6 17. b5 Nc5 18. Be2 Qxd1 19. Rxd1 Nfe4 20. Ra2 Na4 21. Rd3 f6 22. Bc1 Rc8 23. Rb3 Bc5 24. Be3 Ke7 25. Nfd2 Nd6 26. Nc3 Nxc3 27. Rxc3 Bxe3 28. Rxe3 Nf5 29. Rd3 Rhd8 30. Rxd8 Rxd8 31. f3 Nd4 32. Kf2 Kd6 33. Nb1 Nb3 34. Nc3 Nc5 35. Rd2+ Ke7 36. Rxd8 Kxd8 37. h4 Ke7 38. Ke3 f5 39. g3 e5 40. f4 Kd6 41. Bd1 Bg2 42. Be2 g6 43. h5 gxh5 44. Bxh5 Bf1 45. Bf7 h6 46. Bg8 Bd3 47. Bf7 Bf1 48. Bg8 Bd3 49. Bf7 Bf1 1/2-1/2

[Event "BL 2324 SK Kirchweyhe - USV TU Dresden"]
[Site "?"]
[Date "2023.10.21"]
[Round "1.5"]
[White "Hoffmann, Paul"]
[Black "Jovanovic, Zoran"]
[Result "1/2-1/2"]
[WhiteElo "2378"]
[BlackElo "2513"]
[PlyCount "123"]
[EventDate "2023.??.??"]

1. e4 d6 2. d4 Nf6 3. f3 e5 4. dxe5 dxe5 5. Qxd8+ Kxd8 6. Bc4 Ke8 7. Be3 Nbd7 8. Nc3 c6 9. Nge2 a5 10. a4 Bc5 11. Nd1 Bxe3 12. Nxe3 Nc5 13. Nc1 Nfd7 14. Nd3 Nxd3+ 15. Bxd3 Nb6 16. Nc4 Nxc4 17. Bxc4 Ke7 18. O-O-O f6 19. Rd3 Rd8 20. Rhd1 Rxd3 21. Rxd3 Bd7 22. Bb3 h5 23. g3 g5 24. c4 b6 25. Bd1 Be6 26. b3 Rf8 27. g4 hxg4 28. fxg4 Rh8 29. h3 Bf7 30. Bc2 Bg6 31. Re3 Rd8 32. Bd3 Kd6 33. Kc2 Kc5 34. Kc3 Rd4 35. Re1 Be8 36. Rf1 Rd6 37. Rc1 Rd7 38. Rf1 Rf7 39. Rf3 Bd7 40. Rf2 Rh7 41. Rf3 Rh8 42. Bf1 Rf8 43. Rd3 Rf7 44. Rd2 Be8 45. Rf2 Bd7 46. Rd2 Re7 47. Rf2 Rf7 48. Ra2 Rh7 49. Bd3 Be8 50. Ra1 Rd7 51. Rf1 Rf7 52. Ra1 Rf8 53. Ra2 Rh8 54. Bf1 Bg6 55. Re2 Rd8 56. Re1 Rh8 57. Re2 Rh7 58. Re1 Be8 59. Ra1 Bd7 60. Ra2 Bc8 61. Rf2 Rf7 62. Bd3 1/2-1/2

[Event "BL 2324 SK Kirchweyhe - USV TU Dresden"]
[Site "?"]
[Date "2023.10.21"]
[Round "1.6"]
[White "Kovacevic, Aleksandar"]
[Black "Loxine, Jakov"]
[Result "1/2-1/2"]
[WhiteElo "2445"]
[BlackElo "2397"]
[PlyCount "50"]
[EventDate "2023.??.??"]

1. e4 e6 2. d4 d5 3. Nc3 Nf6 4. Bg5 dxe4 5. Nxe4 Be7 6. Bxf6 gxf6 7. Qd3 Nc6 8. c3 Qd5 9. Nf3 e5 10. dxe5 Qxd3 11. Bxd3 Nxe5 12. Nxe5 fxe5 13. Ng3 Be6 14. Bf5 Bd5 15. Be4 Bxe4 16. Nxe4 f5 17. Ng3 O-O 18. Rd1 Bd6 19. Ke2 Kg7 20. Rd5 Kf6 21. Rhd1 Ke6 22. Nf1 Rad8 23. Ra5 a6 24. Ra4 Be7 25. Rxd8 Rxd8 1/2-1/2

[Event "BL 2324 SK Kirchweyhe - USV TU Dresden"]
[Site "?"]
[Date "2023.10.21"]
[Round "1.7"]
[White "Moehn, Hans"]
[Black "Zelcic, Robert"]
[Result "1/2-1/2"]
[WhiteElo "2392"]
[BlackElo "2476"]
[PlyCount "155"]
[EventDate "2023.??.??"]

1. Nf3 d5 2. g3 c5 3. Bg2 Nf6 4. O-O e6 5. c4 d4 6. e3 Nc6 7. d3 h6 8. exd4 cxd4 9. Bf4 Bd6 10. Bxd6 Qxd6 11. Nbd2 O-O 12. Rc1 Rd8 13. a3 a5 14. c5 Qf8 15. Qa4 Ra6 16. Rfe1 Rd5 17. Ne4 Nxe4 18. dxe4 Rxc5 19. Nxd4 Bd7 20. Nxc6 Raxc6 21. Rcd1 Rd6 22. Qb3 Bc6 23. e5 Rxd1 24. Rxd1 Rxe5 25. Bxc6 bxc6 26. Qb6 Qc5 27. Qxc5 Rxc5 28. b4 axb4 29. axb4 Rc4 30. Rb1 g5 31. b5 cxb5 32. Rxb5 Kg7 33. Kg2 Kg6 34. Rb8 Re4 35. Rg8+ Kh7 36. Rb8 h5 37. Rb5 Kg6 38. Rb8 f6 39. Kf3 Re1 40. Kg2 Rc1 41. Rg8+ Kh7 42. Re8 e5 43. h3 Rc4 44. Kf3 Kg6 45. g4 Rc1 46. Kg2 Rc7 47. Rg8+ Kh7 48. Ra8 h4 49. Ra6 Kg7 50. Rb6 Kf7 51. Ra6 Re7 52. Kf3 e4+ 53. Kg2 Re6 54. Ra7+ Kg6 55. Ra5 Rc6 56. Ra7 Re6 57. Ra5 Kf7 58. Ra7+ Re7 59. Ra6 e3 60. fxe3 Rxe3 61. Rb6 Re2+ 62. Kg1 Ke7 63. Ra6 Rd2 64. Rb6 Rd6 65. Rxd6 Kxd6 66. Kf2 Kd5 67. Kf3 Kd4 68. Kf2 Kd5 69. Kf3 Kd6 70. Kf2 Ke6 71. Ke2 Ke5 72. Ke3 f5 73. gxf5 Kxf5 74. Kf3 Kg6 75. Kg2 Kf6 76. Kf2 Ke5 77. Ke3 Kf5 78. Kf3 1/2-1/2

[Event "BL 2324 SK Kirchweyhe - USV TU Dresden"]
[Site "?"]
[Date "2023.10.21"]
[Round "1.8"]
[White "Zaja, Ivan"]
[Black "Wong, Gengchun"]
[Result "1-0"]
[WhiteElo "2424"]
[BlackElo "2252"]
[PlyCount "137"]
[EventDate "2023.??.??"]

1. d4 d5 2. c4 e6 3. Nc3 Nf6 4. Nf3 c6 5. Bg5 h6 6. Bxf6 Qxf6 7. e3 g6 8. Bd3 Bg7 9. O-O O-O 10. Re1 Nd7 11. Rc1 dxc4 12. Bxc4 Rd8 13. Qc2 b6 14. a4 Bb7 15. Rcd1 Rac8 16. Qe2 Qe7 17. Ba6 Bxa6 18. Qxa6 Rc7 19. Qc4 Rdc8 20. e4 Qf8 21. e5 a5 22. Ne4 Qb4 23. Qc2 c5 24. d5 Nxe5 25. Nxe5 Bxe5 26. dxe6 Re8 27. Nc3 Rxe6 28. Re4 Bxc3 29. Rxe6 Qxb2 30. Rxg6+ Kh7 31. Qxb2 Bxb2 32. Rxb6 Bg7 33. Rb5 c4 34. Rc1 c3 35. Rc2 Rd7 36. Kf1 Ra7 37. Ke2 Ra6 38. Rd5 Kg6 39. Kd3 Ra7 40. Re2 Ra6 41. Re4 Rc6 42. Kc2 Rb6 43. Rb5 Rd6 44. Re2 Ra6 45. g4 Bf6 46. f4 Ra7 47. h4 Bxh4 48. Ree5 Bf6 49. Rxa5 Rd7 50. Rad5 Rb7 51. Rb5 Rd7 52. Rb6 Kg7 53. Rxf6 Kxf6 54. Kxc3 Rd1 55. Rf5+ Kg6 56. Rc5 Rg1 57. Rc4 Kf6 58. f5 Kg5 59. a5 Ra1 60. Kb4 h5 61. gxh5 Kxf5 62. Kb5 Kg5 63. Rc5+ f5 64. a6 Kg4 65. h6 f4 66. h7 Rb1+ 67. Kc6 Rb8 68. a7 Rh8 69. Ra5 1-0

[Event "BL 2324 SV Werder Bremen - HSK Lister Tu"]
[Site "?"]
[Date "2023.10.21"]
[Round "1.1"]
[White "Pfreundt, Jakob"]
[Black "Ivic, Velimir"]
[Result "0-1"]
[WhiteElo "2455"]
[BlackElo "2562"]
[PlyCount "82"]
[EventDate "2023.??.??"]

1. e4 c5 2. c3 Nf6 3. e5 Nd5 4. d4 d6 5. Nf3 Nc6 6. Bc4 e6 7. O-O Be7 8. exd6 Qxd6 9. dxc5 Qxc5 10. Nbd2 O-O 11. Bd3 Rd8 12. Ne4 Qb6 13. Qe2 Qc7 14. Rd1 Nf4 15. Bxf4 Qxf4 16. Bc2 Bd7 17. g3 Qc7 18. h4 Be8 19. Neg5 g6 20. h5 Rxd1+ 21. Rxd1 Rd8 22. hxg6 hxg6 23. Re1 Rd5 24. Nh3 Bd6 25. Kg2 Rh5 26. Nhg5 Qe7 27. Qe3 Bc7 28. Be4 Bd8 29. Nh3 e5 30. Rh1 Kg7 31. g4 Rh8 32. Nhg1 Rxh1 33. Kxh1 Qe6 34. g5 Qxa2 35. Qd2 Be7 36. Kg2 Qe6 37. Ne2 Bd7 38. Qe3 Bd8 39. Qd2 Qg4+ 40. Ng3 Qh3+ 41. Kg1 Bb6 0-1

[Event "BL 2324 SV Werder Bremen - HSK Lister Tu"]
[Site "?"]
[Date "2023.10.21"]
[Round "1.2"]
[White "Fressinet, Laurent"]
[Black "Petkidis, Anthony"]
[Result "1/2-1/2"]
[WhiteElo "2643"]
[BlackElo "2429"]
[PlyCount "89"]
[EventDate "2023.??.??"]

1. Nf3 Nf6 2. c4 e6 3. g3 d5 4. Bg2 Be7 5. O-O O-O 6. d4 a5 7. Nc3 c6 8. Bf4 Nh5 9. Bxb8 Rxb8 10. e4 Nf6 11. Ne5 Nxe4 12. Nxe4 dxe4 13. Bxe4 f6 14. Nf3 c5 15. Re1 f5 16. Bc2 Bf6 17. dxc5 Bxb2 18. Qxd8 Rxd8 19. Rab1 Ba3 20. c6 Rd6 21. Ba4 Bb4 22. Re3 b6 23. Ne5 Rd2 24. Rd3 Rxd3 25. Nxd3 Bd6 26. f4 Kf7 27. Kf2 Ke7 28. Bb5 a4 29. Ne5 a3 30. Rd1 Ra8 31. Ke2 Bc7 32. h3 Bd6 33. Kf3 Ra7 34. g4 Bc5 35. Nd7 Bxd7 36. cxd7 Ra8 37. gxf5 Rf8 38. fxe6 Bd6 39. Rd4 g5 40. f5 Rxf5+ 41. Kg2 Rf8 42. Re4 Rf4 43. Re2 Bc5 44. Rd2 Rd4 45. Rxd4 1/2-1/2

[Event "BL 2324 SV Werder Bremen - HSK Lister Tu"]
[Site "?"]
[Date "2023.10.21"]
[Round "1.3"]
[White "Abel, Dennes"]
[Black "Areshchenko, Alexander"]
[Result "1/2-1/2"]
[WhiteElo "2404"]
[BlackElo "2625"]
[PlyCount "41"]
[EventDate "2023.??.??"]

1. d4 Nf6 2. c4 g6 3. Nc3 d5 4. Bf4 Bg7 5. e3 c5 6. dxc5 Qa5 7. Rc1 dxc4 8. Bxc4 O-O 9. Nf3 Qxc5 10. Bb3 Qh5 11. h3 Bg4 12. Bh2 Bxf3 13. Qxf3 Qxf3 14. gxf3 Nc6 15. Ke2 Rfc8 16. Nd5 Nxd5 17. Bxd5 Bxb2 18. Rb1 Bf6 19. Rhc1 Rd8 20. Bxc6 bxc6 21. Rxc6 1/2-1/2

[Event "BL 2324 SV Werder Bremen - HSK Lister Tu"]
[Site "?"]
[Date "2023.10.21"]
[Round "1.4"]
[White "Efimenko, Zahar"]
[Black "Walter, Stefan"]
[Result "1/2-1/2"]
[WhiteElo "2575"]
[BlackElo "2382"]
[PlyCount "90"]
[EventDate "2023.??.??"]

1. e4 e5 2. Nf3 Nc6 3. Bb5 a6 4. Ba4 Nf6 5. d3 d6 6. c3 g6 7. O-O Bg7 8. Nbd2 O-O 9. Re1 b5 10. Bc2 Bb7 11. Nf1 Re8 12. Bg5 h6 13. Bh4 Nb8 14. Bxf6 Qxf6 15. Ne3 Nd7 16. a4 Nc5 17. b4 Nxa4 18. Bxa4 bxa4 19. Qxa4 Qe6 20. Nc4 Rab8 21. h3 f5 22. Qa2 d5 23. exf5 Qxf5 24. Ne3 Qf7 25. d4 exd4 26. cxd4 Bc8 27. Qxd5 Rxb4 28. Qxf7+ Kxf7 29. Nd5 Rxe1+ 30. Rxe1 Rc4 31. Re7+ Kf8 32. Ne5 Bxe5 33. Rxe5 Rxd4 34. Nxc7 Kf7 35. Re8 Bd7 36. Ra8 Bb5 37. Nxa6 Ra4 38. Nc7 Rxa8 39. Nxa8 Ke7 40. f4 Kd6 41. Nb6 Kc6 42. Nc8 Kd7 43. Nb6+ Kc6 44. Nc8 Kd7 45. Nb6+ Kc6 1/2-1/2

[Event "BL 2324 SV Werder Bremen - HSK Lister Tu"]
[Site "?"]
[Date "2023.10.21"]
[Round "1.5"]
[White "Lammers, Markus"]
[Black "Van Foreest, Lucas"]
[Result "0-1"]
[WhiteElo "2336"]
[BlackElo "2540"]
[PlyCount "138"]
[EventDate "2023.??.??"]

1. Nf3 d5 2. c4 d4 3. b4 g5 4. h3 h5 5. d3 f6 6. e3 e5 7. a3 Nh6 8. exd4 exd4 9. Nbd2 Nf5 10. Be2 Be6 11. Ne4 Be7 12. Bb2 a5 13. Nc5 Bxc5 14. bxc5 Nc6 15. Nd2 Bf7 16. Rb1 Kf8 17. Bc1 Rb8 18. Ne4 Kg7 19. O-O Bg6 20. Bd2 Qf8 21. Rb5 Qf7 22. Qb3 Nfe7 23. Bxa5 Nxa5 24. Rxa5 Nc6 25. Rb5 Qe7 26. Qc2 f5 27. Ng3 h4 28. Nh1 Rhe8 29. Rb2 f4 30. Rfb1 Qxc5 31. Rxb7 Rxb7 32. Rxb7 Qa5 33. f3 Ne7 34. Nf2 Nf5 35. Qd1 Re3 36. Ng4 Re7 37. Nf2 Qxa3 38. Ne4 Ng3 39. Bf1 Kh6 40. Qb1 Rf7 41. Qb2 Qxb2 42. Rxb2 Rf8 43. Be2 Ra8 44. Bd1 Ra1 45. Rd2 Be8 46. Kf2 Ba4 47. Ke1 Kg6 48. Nc5 Bxd1 49. Rxd1 Ra5 50. Ne4 Nf5 51. Kf2 Ra2+ 52. Rd2 Ra1 53. Rb2 Ng3 54. Nd2 Rd1 55. Ra2 Kf7 56. Rb2 Ke7 57. Ra2 Kd7 58. Rc2 Kd6 59. Rb2 Kc6 60. Ra2 Kb6 61. Rc2 Ka5 62. Rb2 Ka4 63. c5 c6 64. Ra2+ Kb4 65. Rc2 Ka3 66. Nb1+ Rxb1 67. Ra2+ Kb3 68. Ra3+ Kc2 69. Rc3+ dxc3 0-1

[Event "BL 2324 SV Werder Bremen - HSK Lister Tu"]
[Site "?"]
[Date "2023.10.21"]
[Round "1.6"]
[White "Cheng, Bobby"]
[Black "Pubantz, Jan"]
[Result "1-0"]
[WhiteElo "2572"]
[BlackElo "2299"]
[PlyCount "105"]
[EventDate "2023.??.??"]

1. Nf3 d5 2. g3 c6 3. Bg2 Bg4 4. O-O Nf6 5. d3 Nbd7 6. h3 Bh5 7. g4 Bg6 8. Bf4 e6 9. Nh4 Bc5 10. Bg3 Qe7 11. Nd2 Bd6 12. f4 d4 13. c4 dxc3 14. Nc4 Bc5+ 15. Kh2 cxb2 16. Rb1 Nb6 17. Nxb6 axb6 18. e4 Rxa2 19. f5 exf5 20. exf5 O-O 21. fxg6 hxg6 22. Qb3 Ra3 23. Qxb2 Rxd3 24. Rbe1 Qd8 25. Nf3 Nd5 26. Bh4 Qc7+ 27. Bg3 Qd8 28. Bh4 Bd6+ 29. Kh1 Qc7 30. Ne5 Re3 31. Nc4 Rxe1 32. Bxe1 Bc5 33. Qb3 Qd8 34. Ne5 Qe7 35. Bg3 Qe6 36. Nd3 Bd4 37. Re1 Qd7 38. Ne5 Bxe5 39. Rxe5 Nf6 40. Qxb6 Ra8 41. Qb2 Kh7 42. Re1 Qd3 43. Be5 Re8 44. Rf1 Nd7 45. Bxg7 Re2 46. Qc3 Qxc3 47. Bxc3 Re7 48. Rb1 b5 49. Bxc6 Re3 50. Bd4 Rxh3+ 51. Kg2 Rd3 52. Rh1+ Kg8 53. Rh8# 1-0

[Event "BL 2324 SV Werder Bremen - HSK Lister Tu"]
[Site "?"]
[Date "2023.10.21"]
[Round "1.7"]
[White "Hoeffer, David"]
[Black "Wachinger, Nikolas"]
[Result "0-1"]
[WhiteElo "2323"]
[BlackElo "2426"]
[PlyCount "58"]
[EventDate "2023.??.??"]

1. d4 Nf6 2. Nc3 d5 3. Bf4 a6 4. e3 h6 5. h4 c5 6. Nf3 Bg4 7. Be2 e6 8. Ne5 Bxe2 9. Nxe2 Nc6 10. g4 Nxe5 11. dxe5 Nd7 12. Bg3 Qb6 13. O-O g5 14. f4 c4 15. Kg2 Bc5 16. fxg5 hxg5 17. h5 Bxe3 18. Nc3 Qxb2 19. Nxd5 exd5 20. Qxd5 Qxc2+ 21. Kh3 O-O-O 22. Rae1 Bf4 23. Bxf4 gxf4 24. Rc1 Qe2 25. Rxc4+ Kb8 26. Rcxf4 Nxe5 27. Qe4 Rd3+ 28. Kh4 Qxe4 29. Rxe4 Nf3+ 0-1

[Event "BL 2324 SV Werder Bremen - HSK Lister Tu"]
[Site "?"]
[Date "2023.10.21"]
[Round "1.8"]
[White "Reuker, Jari"]
[Black "Sreyas Payyappat"]
[Result "1-0"]
[WhiteElo "2403"]
[BlackElo "2075"]
[PlyCount "75"]
[EventDate "2023.??.??"]

1. d4 Nf6 2. c4 e6 3. Nf3 c5 4. d5 exd5 5. cxd5 d6 6. Nc3 g6 7. e4 Bg7 8. Nd2 O-O 9. Be2 Nbd7 10. O-O Re8 11. a4 Ne5 12. Ndb1 a6 13. h3 Rb8 14. Be3 b5 15. axb5 axb5 16. Bxb5 Bd7 17. Be2 Rxb2 18. Nd2 Nh5 19. Qc1 Rb4 20. f4 Ng4 21. Bxg4 Bxg4 22. hxg4 Ng3 23. Re1 Qh4 24. Nf3 Qxg4 25. e5 Qh5 26. Kf2 Qg4 27. Ne2 Nf5 28. Bd2 Re4 29. Qc2 Nh4 30. Nxh4 Qxh4+ 31. Kg1 f5 32. Qb3 dxe5 33. d6+ c4 34. Qb5 exf4 35. Qd5+ Kh8 36. d7 Rd8 37. Ra3 Qe7 38. Ra8 1-0

[Event "BL 2324 SC Viernheim - SG Solingen"]
[Site "?"]
[Date "2023.10.21"]
[Round "1.1"]
[White "Harikrishna, Pentala"]
[Black "Abdusattorov, Nodirbek"]
[Result "1/2-1/2"]
[WhiteElo "2716"]
[BlackElo "2716"]
[PlyCount "68"]
[EventDate "2023.??.??"]

1. Nf3 d5 2. e3 c5 3. Bb5+ Bd7 4. a4 e6 5. O-O Nf6 6. d3 Nc6 7. Nc3 Be7 8. e4 O-O 9. Bg5 Rc8 10. Re1 d4 11. Ne2 Nh5 12. Bd2 Bd6 13. Ng3 Nxg3 14. hxg3 e5 15. Nh4 Be6 16. Nf5 a6 17. Bc4 Bxc4 18. dxc4 g6 19. Nh6+ Kh8 20. Ra3 f6 21. f4 exf4 22. gxf4 Qd7 23. Rh3 Rce8 24. Ng4 Re7 25. Nf2 Rfe8 26. Qf3 a5 27. Nd3 Re6 28. Kf2 R6e7 29. b3 Kg8 30. Rh6 Rf7 31. Kg1 b6 32. Nf2 Bf8 33. Rh3 Rfe7 34. Kf1 Bg7 1/2-1/2

[Event "BL 2324 SC Viernheim - SG Solingen"]
[Site "?"]
[Date "2023.10.21"]
[Round "1.3"]
[White "Warmerdam, Max"]
[Black "Mamedyarov, Shakhriyar"]
[Result "1/2-1/2"]
[WhiteElo "2636"]
[BlackElo "2734"]
[PlyCount "62"]
[EventDate "2023.??.??"]

1. c4 Nf6 2. Nc3 d5 3. cxd5 Nxd5 4. Nf3 g6 5. h4 Nxc3 6. bxc3 Bg7 7. h5 c5 8. Qa4+ Nc6 9. Ba3 Qd6 10. Ng5 Qd5 11. f4 Bd7 12. Qe4 Qxe4 13. Nxe4 b6 14. h6 Bf8 15. g3 f5 16. Ng5 e5 17. Bg2 Be7 18. O-O Bxg5 19. fxg5 O-O-O 20. e4 Na5 21. Rae1 fxe4 22. Bxe4 Bc6 23. Bxc6 Nxc6 24. Rf6 Kc7 25. d4 exd4 26. Ree6 d3 27. Rxc6+ Kb7 28. Bc1 d2 29. Bxd2 Rxd2 30. Rcd6 Rxd6 31. Rxd6 Kc7 1/2-1/2

[Event "BL 2324 SC Viernheim - SG Solingen"]
[Site "?"]
[Date "2023.10.21"]
[Round "1.4"]
[White "Maghsoodloo, Parham"]
[Black "Ragger, Markus"]
[Result "1-0"]
[WhiteElo "2707"]
[BlackElo "2615"]
[PlyCount "47"]
[EventDate "2023.??.??"]

1. d4 Nf6 2. c4 g6 3. Nc3 d5 4. cxd5 Nxd5 5. e4 Nxc3 6. bxc3 Bg7 7. Bc4 c5 8. Ne2 O-O 9. O-O Nc6 10. Be3 e6 11. dxc5 Ne5 12. Bb3 Qa5 13. f4 Rd8 14. Qe1 Nd3 15. Qh4 Nxc5 16. f5 Nxb3 17. axb3 Qc7 18. Rad1 Re8 19. f6 Bf8 20. Kh1 a5 21. Rd3 e5 22. Bh6 Bc5 23. Bg7 Qc6 24. Rf5 1-0

[Event "BL 2324 SC Viernheim - SG Solingen"]
[Site "?"]
[Date "2023.10.21"]
[Round "1.5"]
[White "L'Ami, Erwin"]
[Black "Anton Guijarro, David"]
[Result "1/2-1/2"]
[WhiteElo "2627"]
[BlackElo "2653"]
[PlyCount "47"]
[EventDate "2023.??.??"]

1. d4 d5 2. c4 e6 3. Nc3 c6 4. Nf3 dxc4 5. e3 b5 6. a4 Bb4 7. Bd2 a5 8. axb5 Bxc3 9. Bxc3 cxb5 10. b3 Bb7 11. bxc4 b4 12. Bb2 Nf6 13. Bd3 O-O 14. Nd2 Qc7 15. O-O a4 16. d5 b3 17. Bxf6 gxf6 18. Qg4+ Kh8 19. Qh4 f5 20. Qf6+ Kg8 21. Qg5+ Kh8 22. Qf6+ Kg8 23. Qg5+ Kh8 24. Qf6+ 1/2-1/2

[Event "BL 2324 SC Viernheim - SG Solingen"]
[Site "?"]
[Date "2023.10.21"]
[Round "1.6"]
[White "Kryvoruchko, Yuriy"]
[Black "Andersen, Mads"]
[Result "1/2-1/2"]
[WhiteElo "2656"]
[BlackElo "2606"]
[PlyCount "101"]
[EventDate "2023.??.??"]

1. e4 e5 2. Nf3 Nc6 3. Bb5 a6 4. Ba4 Nf6 5. O-O Be7 6. d3 b5 7. Bb3 d6 8. a4 Bd7 9. Be3 O-O 10. axb5 axb5 11. Nc3 Nb4 12. Qd2 c5 13. Bg5 Qb6 14. h3 Qb7 15. Nh2 h6 16. Bh4 Be6 17. Bxe6 fxe6 18. Rxa8 Rxa8 19. Ng4 Nxg4 20. Bxe7 Qxe7 21. hxg4 Qd7 22. Ne2 Nc6 23. g5 hxg5 24. Qxg5 Qe7 25. Qg3 Ra2 26. Rb1 b4 27. Qg4 Qf6 28. g3 Kf7 29. Kg2 Qg6 30. Qf3+ Ke7 31. c3 Ra8 32. Rh1 Qg5 33. Ng1 Qf6 34. Qg4 Ra2 35. Rh7 Kd7 36. Rxg7+ Ne7 37. cxb4 Rxb2 38. Nf3 cxb4 39. Rh7 Rc2 40. Qh5 b3 41. Rh8 Qg6 42. Qh1 Nc6 43. Rh6 Qxh6 44. Qxh6 b2 45. Qh1 Rc1 46. Qh7+ Ne7 47. Nd2 Rd1 48. Qh8 Nc8 49. Qh7+ Ne7 50. Qh8 Nc8 51. Qh7+ 1/2-1/2

[Event "BL 2324 SC Viernheim - SG Solingen"]
[Site "?"]
[Date "2023.10.21"]
[Round "1.7"]
[White "Van Wely, Loek"]
[Black "Korobov, Anton"]
[Result "0-1"]
[WhiteElo "2626"]
[BlackElo "2658"]
[PlyCount "90"]
[EventDate "2023.??.??"]

1. d4 Nf6 2. c4 e6 3. g3 Bb4+ 4. Bd2 Be7 5. Bg2 d5 6. Nf3 Nbd7 7. Qc2 c6 8. O-O O-O 9. Bf4 Nh5 10. Bc1 Nhf6 11. Nbd2 b6 12. e4 Bb7 13. Rd1 Rc8 14. b3 c5 15. exd5 exd5 16. Qf5 dxc4 17. Nxc4 b5 18. Ne3 g6 19. Qh3 Bxf3 20. Bxf3 cxd4 21. Rxd4 Bc5 22. Rd1 Qb6 23. Bg2 Bd4 24. Rb1 Ne5 25. g4 Rc3 26. Bd2 Rd3 27. Bf1 Ne4 28. Bxd3 Nxd3 29. Nd5 Ndxf2 30. Nxb6 Nxh3+ 31. Kg2 Bxb6 32. Bh6 Nhf2 33. Rd7 Nxg4 34. Bxf8 Kxf8 35. Re1 Nc5 36. Rd6 Ne6 37. b4 Ke7 38. Rd3 f6 39. Rc3 Ne5 40. Rd1 f5 41. Kf1 Ng4 42. Ke1 Ne3 43. Rdd3 f4 44. Rc8 Nd4 45. a3 Nf3+ 0-1

[Event "BL 2324 SC Viernheim - SG Solingen"]
[Site "?"]
[Date "2023.10.21"]
[Round "1.8"]
[White "Amin, Bassem"]
[Black "Wegerle, Joerg"]
[Result "1/2-1/2"]
[WhiteElo "2680"]
[BlackElo "2405"]
[PlyCount "116"]
[EventDate "2023.??.??"]

1. e4 e5 2. Bc4 Nc6 3. Nf3 Bc5 4. c3 Nf6 5. d3 d6 6. O-O O-O 7. Re1 a6 8. h3 h6 9. Nbd2 Ba7 10. Bb3 Re8 11. Nf1 Be6 12. Bc2 d5 13. exd5 Bxd5 14. Ng3 Qd7 15. Nh4 Be6 16. Qf3 Qd5 17. Ne4 Nxe4 18. dxe4 Qd8 19. Nf5 Kh7 20. g4 Rh8 21. Qg3 Bc5 22. b4 Bf8 23. a4 f6 24. Rd1 Qe8 25. h4 Qf7 26. Ne3 h5 27. gxh5 Qxh5 28. Nd5 Bd6 29. Be3 Ne7 30. c4 Nxd5 31. exd5+ e4 32. Bxe4+ Bf5 33. Bf3 Bxg3 34. Bxh5 Be5 35. Bd4 Kg8 36. Bxe5 fxe5 37. Bf3 e4 38. Bg2 Rxh4 39. Rd4 Re8 40. c5 Kf7 41. c6 bxc6 42. dxc6 g5 43. b5 axb5 44. a5 e3 45. fxe3 Rxe3 46. Rd7+ Bxd7 47. cxd7 Ke7 48. a6 Kxd7 49. a7 Rh8 50. Rd1+ Ke6 51. Bd5+ Ke5 52. a8=Q Rxa8 53. Bxa8 b4 54. Rd5+ Kf4 55. Rb5 Rb3 56. Kf1 g4 57. Rc5 Rc3 58. Rxc3 Ke5 1/2-1/2

[Event "BL 2324 Schachfreunde Deizisau - SV Mül"]
[Site "?"]
[Date "2023.10.21"]
[Round "1.1"]
[White "Beerdsen, Thomas"]
[Black "Bluebaum, Matthias"]
[Result "1-0"]
[WhiteElo "2496"]
[BlackElo "2668"]
[PlyCount "113"]
[EventDate "2023.??.??"]

1. e4 e6 2. d4 d5 3. Nc3 Nf6 4. Bg5 dxe4 5. Nxe4 Be7 6. Bxf6 Bxf6 7. Nf3 O-O 8. Qd2 Be7 9. O-O-O Qd5 10. Nc3 Qa5 11. a3 Nd7 12. Kb1 Rb8 13. Bd3 Kh8 14. Rhe1 b5 15. Ne5 b4 16. Na2 Qb6 17. axb4 Nxe5 18. Rxe5 Qxd4 19. Rh5 f5 20. Rxh7+ Kg8 21. Rh3 Rd8 22. c3 Qf6 23. Qe2 e5 24. Re1 Bd6 25. Bc4+ Be6 26. Bxe6+ Qxe6 27. Qh5 f4 28. Qh7+ Kf7 29. Rh5 Kf6 30. Qe4 g6 31. Rh7 Qf5 32. f3 Qxe4+ 33. Rxe4 g5 34. Nc1 Kg6 35. Rh3 Kf5 36. Nd3 Re8 37. Rh6 Bf8 38. Rh7 Bd6 39. c4 Bxb4 40. Rxc7 Bc3 41. Rxa7 g4 42. Kc2 gxf3 43. gxf3 Bd4 44. Ra5 Kf6 45. b3 Ra8 46. Rxa8 Rxa8 47. Nxf4 Ra2+ 48. Kd3 Ra3 49. Ne2 Rxb3+ 50. Kc2 Rxf3 51. Nxd4 exd4 52. Rxd4 Ke5 53. Rd3 Rf2+ 54. Kc3 Rxh2 55. Kb4 Rb2+ 56. Ka5 Rb8 57. c5 {Kd5} 1-0

[Event "BL 2324 Schachfreunde Deizisau - SV Mül"]
[Site "?"]
[Date "2023.10.21"]
[Round "1.2"]
[White "Kollars, Dmitrij"]
[Black "Feygin, Michael"]
[Result "1-0"]
[WhiteElo "2633"]
[BlackElo "2470"]
[PlyCount "71"]
[EventDate "2023.??.??"]

1. e4 d5 2. exd5 Qxd5 3. Nc3 Qd6 4. d4 c6 5. Nf3 Nf6 6. Ne5 Be6 7. Be2 g6 8. Bf4 Qd8 9. Qd2 Bg7 10. O-O O-O 11. a4 Nbd7 12. a5 Rc8 13. Rfd1 Nd5 14. Nxd5 cxd5 15. c3 f6 16. Nd3 Re8 17. a6 b6 18. Nb4 Nf8 19. Re1 Qd7 20. h4 Bf7 21. Bg3 e5 22. dxe5 fxe5 23. Rad1 d4 24. cxd4 exd4 25. Bf3 Rc5 26. Nd3 Ra5 27. Rxe8 Qxe8 28. Bb7 Nd7 29. Re1 Qf8 30. Nb4 Nc5 31. Nc6 Ra2 32. Ne5 Bb3 33. Qxd4 Kh8 34. Bd5 Ra4 35. Qd2 Bh6 36. Qc3 1-0

[Event "BL 2324 Schachfreunde Deizisau - SV Mül"]
[Site "?"]
[Date "2023.10.21"]
[Round "1.3"]
[White "Hausrath, Daniel"]
[Black "Gustafsson, Jan"]
[Result "1/2-1/2"]
[WhiteElo "2462"]
[BlackElo "2620"]
[PlyCount "41"]
[EventDate "2023.??.??"]

1. Nf3 d5 2. g3 Nf6 3. Bg2 e6 4. d4 Be7 5. c4 O-O 6. Qc2 c5 7. O-O Nc6 8. dxc5 d4 9. a3 a5 10. Bg5 Nd7 11. Bxe7 Qxe7 12. Nbd2 Nxc5 13. b4 axb4 14. axb4 Nxb4 15. Qb2 Rxa1 16. Rxa1 Nc6 17. Nxd4 Nxd4 18. Qxd4 Rd8 19. Qb2 Qc7 20. Ra8 h6 21. h4 1/2-1/2